000 00403nam a22001697a 4500
005 20160614095742.0
008 160614b xxu||||| |||| 00| 0 eng d
020 _a10-81-7224-732-X
041 _aeng
082 _b7320
100 _aHarries & harris
_91833
245 _aImprove your Concentration skills
260 _bJaico Books
_c2009
300 _a107
650 _aManagement
_9241
942 _cBK
999 _c2577
_d2576